[Event "4NCL/Div3/HAL vs. AMCAR"]
[Site "Hinckley Island ENG"]
[Date "2008.12.06"]
[Round "3.3"]
[White "Doran, Michael J"]
[Black "Marley, Andrew"]
[Result "1-0"]
[WhiteElo "1980"]
[BlackElo "1805"]
[PlyCount "125"]
[EventDate "2008.12.06"]
[SourceDate "2008.10.04"]

1. e4 c5 2. c3 Nf6 3. e5 Nd5 4. d4 cxd4 5. cxd4 d6 6. Nf3 Nc6 7. Bc4 Nb6 8. Bb3
dxe5 9. d5 Na5 10. Nc3 Nxb3 11. Qxb3 e6 12. Nxe5 Bd6 13. Qb5+ Kf8 14. dxe6 Bxe6
15. O-O Rc8 16. Rd1 Qe7 17. Nf3 h6 18. Qd3 Bc7 19. b3 Rd8 20. Nd4 Kg8 21. Qe4
Qf6 22. Bb2 Bd5 23. Nxd5 Rxd5 24. Rac1 Be5 25. Rc8+ Nxc8 26. Qxd5 b6 27. Re1
Bxd4 28. Bxd4 Qd6 29. Re8+ Kh7 30. Qf5+ Qg6 31. Rxh8+ Kxh8 32. Qxc8+ Kh7 33.
Qc1 Qd3 34. Be3 Qe2 35. Qd2 Qg4 36. h3 Qe4 37. f3 Qb1+ 38. Kh2 Qf5 39. Qd4 Qc8
40. Qe4+ Kh8 41. Bd4 Qd7 42. Qg4 Qd6+ 43. Kh1 f6 44. Qe4 Kg8 45. f4 Kh8 46. Kh2
Kg8 47. h4 Kh8 48. h5 Kg8 49. Kh3 Kh8 50. Qe8+ Kh7 51. Qg6+ Kh8 52. Qe4 Kg8 53.
g3 Kh8 54. Qe8+ Kh7 55. Qg6+ Kh8 56. Bxf6 Qxf6 57. Qxf6 gxf6 58. Kg4 Kg7 59.
Kf5 Kf7 60. a4 a6 61. b4 b5 62. axb5 axb5 63. g4 1-0

[Event "4NCL/Div3/HAL vs. AMCAR"]
[Site "Hinckley Island ENG"]
[Date "2008.12.06"]
[Round "3.4"]
[White "Periasamymanjula, Mani"]
[Black "Lee, Darren"]
[Result "0-1"]
[WhiteElo "1704"]
[BlackElo "1950"]
[PlyCount "88"]
[EventDate "2008.12.06"]
[SourceDate "2008.10.04"]

1. e4 c5 2. Nf3 Nc6 3. d4 cxd4 4. Nxd4 Nf6 5. Nc3 e5 6. Ndb5 d6 7. Nd5 Nxd5 8.
exd5 Nb8 9. c4 Be7 10. Bd3 O-O 11. h4 f5 12. Bg5 a6 13. Bxe7 Qxe7 14. Nc3 Nd7
15. g4 e4 16. Be2 Ne5 17. g5 Bd7 18. Qd4 Rac8 19. O-O-O b5 20. Rdf1 bxc4 21. f4
Nd3+ 22. Bxd3 cxd3 23. Rd1 Bb5 24. h5 Rc4 25. Qe3 Qc7 26. Kd2 Rc8 27. Rc1 Ba4
28. g6 h6 29. Rh2 Bc2 30. Ke1 Qb7 31. Nd1 Bxd1 32. Rxd1 Rc2 33. Rxc2 dxc2 34.
Rc1 Qxb2 35. a4 Rc3 36. Qd2 e3 37. Qxc3 Qxc3+ 38. Kf1 Qd2 39. Rxc2 Qxc2 40. Kg1
e2 41. Kf2 Qd1 42. Kg2 Qf1+ 43. Kh2 e1=Q 44. a5 Qh4# 0-1

[Event "4NCL/Div3/HAL vs. AMCAR"]
[Site "Hinckley Island ENG"]
[Date "2008.12.06"]
[Round "3.5"]
[White "Peck, Windsor W"]
[Black "Andreev, Peter"]
[Result "0-1"]
[WhiteElo "1845"]
[BlackElo "1765"]
[PlyCount "86"]
[EventDate "2008.12.06"]
[SourceDate "2008.10.04"]

1. d4 g6 2. e4 Bg7 3. Nf3 d6 4. Be3 a6 5. Nc3 Nf6 6. Qd2 h6 7. Bd3 Nbd7 8. h4
b5 9. O-O-O Bb7 10. a3 c5 11. dxc5 Nxc5 12. Bxc5 dxc5 13. Qe3 Qc7 14. Nd5 Nxd5
15. exd5 O-O 16. Be4 c4 17. Nd4 Qa5 18. c3 Qc7 19. h5 g5 20. Nf5 Rad8 21. Nxe7+
Kh8 22. Nf5 Rfe8 23. Nxg7 Kxg7 24. Qd4+ Qe5 25. Bf3 Qxd4 26. Rxd4 Rd6 27. Rhd1
Re5 28. g3 f5 29. Bh1 g4 30. R1d2 Re1+ 31. Rd1 Rxd1+ 32. Kxd1 Kf6 33. Ke2 Ke5
34. Ke3 Bxd5 35. Rxd5+ Rxd5 36. Bxd5 Kxd5 37. Kf4 Ke6 38. Ke3 Ke5 39. f3 a5 40.
Ke2 Kf6 41. fxg4 fxg4 42. Ke3 Ke5 43. a4 bxa4 0-1

[Event "4NCL/Div3/HAL vs. AMCAR"]
[Site "Hinckley Island ENG"]
[Date "2008.12.06"]
[Round "3.6"]
[White "Jerzynek, Neil"]
[Black "Llewelyn, John D"]
[Result "0-1"]
[WhiteElo "1760"]
[BlackElo "1815"]
[PlyCount "106"]
[EventDate "2008.12.06"]
[SourceDate "2008.10.04"]

1. e4 e5 2. Nf3 Nc6 3. d4 exd4 4. Nxd4 Nf6 5. Nxc6 bxc6 6. e5 Qe7 7. Qe2 Nd5 8.
c4 Nb6 9. b3 g6 10. f4 c5 11. Nc3 d6 12. exd6 Qxe2+ 13. Bxe2 Bg7 14. Bd2 cxd6
15. Bf3 Rb8 16. O-O-O Kd7 17. Rhe1 Bb7 18. Bxb7 Rxb7 19. Ne4 f5 20. Ng5 h6 21.
Nf3 Bf6 22. Re2 Rbb8 23. Rde1 Rhe8 24. Kc2 Rxe2 25. Rxe2 Re8 26. Rxe8 Kxe8 27.
Bc3 Ke7 28. Nd2 d5 29. Bxf6+ Kxf6 30. cxd5 Nxd5 31. g3 Ne3+ 32. Kd3 Ng4 33. Kc4
Nxh2 34. Kxc5 g5 35. fxg5+ Kxg5 36. Kb5 Kg4 37. Ka6 Kxg3 38. Kxa7 Ng4 39. b4
Ne5 40. b5 Nd7 41. Kb7 h5 42. a4 Nc5+ 43. Kb6 Nxa4+ 44. Ka5 Nc5 45. b6 h4 46.
Kb5 Nb7 47. Ka6 Nd8 48. b7 Nxb7 49. Kxb7 Kf2 50. Kc6 h3 51. Kd5 h2 52. Ke5 h1=Q
53. Kxf5 Qd5+ 0-1

[Event "4NCL/Div3/LIT3 vs. OXF3"]
[Site "Hinckley Island ENG"]
[Date "2008.12.06"]
[Round "3.1"]
[White "Mapletoft, Alexander J"]
[Black "Duggan, Chris"]
[Result "0-1"]
[WhiteElo "1925"]
[BlackElo "2044"]
[PlyCount "153"]
[EventDate "2008.12.06"]
[SourceDate "2008.10.04"]

1. e4 c5 2. Nf3 Nc6 3. d4 cxd4 4. Nxd4 e5 5. Nb5 a6 6. Nd6+ Bxd6 7. Qxd6 Qf6 8.
Qxf6 Nxf6 9. Nc3 Nb4 10. Bd3 h6 11. Be3 d5 12. Bc5 Nxd3+ 13. cxd3 d4 14. Ne2
Nd7 15. Bd6 f6 16. O-O Kf7 17. f4 Ke6 18. Ba3 Rb8 19. fxe5 fxe5 20. Rac1 Nf6
21. Rc7 Bd7 22. Rfc1 Rhc8 23. Ng3 g6 24. Nf1 a5 25. Nd2 b5 26. R1c6+ Kf7 27.
Bd6 Rxc7 28. Rxc7 Ke6 29. Rxd7 Nxd7 30. Bxb8 Nxb8 31. Kf2 Nd7 32. Ke2 Nc5 33.
a3 Kd6 34. b3 Ne6 35. g3 Nc7 36. a4 bxa4 37. bxa4 Na6 38. Nc4+ Ke6 39. Nxa5 Nc5
40. Nc4 Nxa4 41. Nd2 Nc5 42. Nf3 Kf6 43. Kd2 Ne6 44. Ke2 Nc5 45. Kd2 Nd7 46.
Ke2 g5 47. Kf2 Nc5 48. Ke2 Ne6 49. Kf2 Nf8 50. Ke2 Ng6 51. Kf2 g4 52. Nd2 Ne7
53. Nc4 Ke6 54. Ke2 Nc6 55. Kf2 Nd8 56. Ke2 Nf7 57. Kf2 Ng5 58. Nd2 Kd6 59.
Nc4+ Ke6 60. Nd2 Nf7 61. Ke2 Nh8 62. Nc4 Ng6 63. Kd2 h5 64. Ke2 Ne7 65. Kf2 Nc6
66. Kg2 Nb4 67. Nb2 Nc2 68. h4 Ne3+ 69. Kf2 Kd6 70. Na4 Kc6 71. Ke2 Kb5 72. Nb2
Kb4 73. Nd1 Nxd1 74. Kxd1 Kc3 75. Ke2 Kc2 76. Ke1 Kxd3 77. Kd1 0-1

[Event "4NCL/Div3/LIT3 vs. OXF3"]
[Site "Hinckley Island ENG"]
[Date "2008.12.06"]
[Round "3.2"]
[White "Hadi, Justin"]
[Black "Turvey, Steven"]
[Result "1/2-1/2"]
[WhiteElo "2015"]
[BlackElo "1915"]
[PlyCount "126"]
[EventDate "2008.12.06"]
[SourceDate "2008.10.04"]

1. e4 e5 2. Nc3 Nc6 3. Nf3 Nf6 4. a3 a6 5. d4 exd4 6. Nxd4 Nxd4 7. Qxd4 d6 8.
Bf4 Be6 9. Be2 Be7 10. Rd1 O-O 11. O-O Nd7 12. Bg3 Bh4 13. Rd3 Bf6 14. Qe3 Bc4
15. Rd2 Bxe2 16. Rxe2 Ne5 17. Nd5 Nc6 18. b3 Be5 19. Rd1 Bxg3 20. Qxg3 f6 21.
Nf4 Qe8 22. Qh3 Qf7 23. Rd3 Rfe8 24. Rg3 Re5 25. Qh4 Rae8 26. Nd3 Qh5 27. Qxf6
R5e7 28. Nf4 Qe5 29. Qxe5 Rxe5 30. f3 Rc5 31. Rd2 Ne5 32. Nd5 Re6 33. f4 Nd7
34. f5 Rxe4 35. f6 g6 36. Ne7+ Kf7 37. Nd5 Re5 38. Ne3 Nxf6 39. Rf3 Kg7 40.
Rdf2 Re6 41. h3 Rce5 42. Ng4 Nxg4 43. Rf7+ Kh6 44. hxg4 Re7 45. Kh2 Re2 46.
Rxe2 Rxf7 47. Kg3 g5 48. Re6+ Kg7 49. Re4 Kf8 50. Rb4 c6 51. Rd4 Ke7 52. Re4+
Kd7 53. a4 b5 54. axb5 axb5 55. Re1 c5 56. Rh1 Ke6 57. Re1+ Kd5 58. Rd1+ Kc6
59. Rh1 b4 60. Rh5 Rg7 61. Kf3 Kd5 62. Ke3 Ke5 63. g3 Kd5 1/2-1/2

[Event "4NCL/Div3/LIT3 vs. OXF3"]
[Site "Hinckley Island ENG"]
[Date "2008.12.06"]
[Round "3.3"]
[White "Farrall, David J"]
[Black "Ludbrook, Matt"]
[Result "0-1"]
[WhiteElo "1818"]
[BlackElo "2015"]
[PlyCount "78"]
[EventDate "2008.12.06"]
[SourceDate "2008.10.04"]

1. d4 Nf6 2. Nc3 g6 3. e4 d6 4. Nf3 Bg7 5. Be2 O-O 6. O-O Nc6 7. d5 Nb8 8. h3
e5 9. Bg5 h6 10. Bxf6 Bxf6 11. a4 Bg7 12. Re1 f5 13. Bf1 f4 14. a5 a6 15. Na4
g5 16. Ra3 Nd7 17. b4 h5 18. Nh2 Nf6 19. f3 Bd7 20. Nb2 Qc8 21. c4 g4 22. fxg4
hxg4 23. hxg4 Nxg4 24. Nxg4 Bxg4 25. Be2 Bxe2 26. Qxe2 Rf6 27. c5 Qd7 28. Rc1
dxc5 29. Rxc5 Raf8 30. Rf3 R8f7 31. Rc2 Rg6 32. Rfc3 c6 33. dxc6 bxc6 34. Kf1
Rh6 35. Qf3 Bf8 36. Rd3 Qb7 37. Qg4+ Rg7 38. Qf5 Rh1+ 39. Kf2 Qa7+ 0-1

[Event "4NCL/Div3/LIT3 vs. OXF3"]
[Site "Hinckley Island ENG"]
[Date "2008.12.06"]
[Round "3.4"]
[White "Levicki, Jeffrey"]
[Black "van der Westhuizen, Charles"]
[Result "0-1"]
[WhiteElo "1940"]
[BlackElo "1795"]
[PlyCount "50"]
[EventDate "2008.12.06"]
[SourceDate "2008.10.04"]

1. e4 e5 2. Nf3 Nc6 3. Bb5 f5 4. Nc3 fxe4 5. Nxe4 Nf6 6. d3 d5 7. Nxe5 dxe4 8.
Nxc6 bxc6 9. Bxc6+ Bd7 10. Bxa8 Qxa8 11. O-O Bd6 12. dxe4 O-O 13. f3 Bc5+ 14.
Kh1 Bb5 15. e5 Ng4 16. h3 Nxe5 17. Re1 Nxf3 18. Re2 Rd8 19. Qf1 Nd4 20. c4 Nxe2
21. Qxe2 Re8 22. Qf1 Bc6 23. Bg5 Qc8 24. Qd3 Qe6 25. Qg3 Bd6 0-1

[Event "4NCL/Div3/LIT3 vs. OXF3"]
[Site "Hinckley Island ENG"]
[Date "2008.12.06"]
[Round "3.5"]
[White "Venmore-Rowland, Edward"]
[Black "Terry, Sean"]
[Result "0-1"]
[WhiteElo "1840"]
[BlackElo "1848"]
[PlyCount "104"]
[EventDate "2008.12.06"]
[SourceDate "2008.10.04"]

1. e4 Nf6 2. e5 Nd5 3. d4 d6 4. c4 Nb6 5. exd6 exd6 6. Nc3 Bf5 7. Be3 Nc6 8.
Rc1 Be7 9. b3 O-O 10. h3 Re8 11. Nf3 Bf6 12. Be2 d5 13. c5 Nc8 14. O-O g6 15.
Qd2 Bg7 16. Rfd1 N8e7 17. g4 Be6 18. Ng5 Qd7 19. f4 h5 20. Nxe6 Qxe6 21. Bf2
hxg4 22. hxg4 Qf6 23. Bf3 Rad8 24. Kg2 a6 25. Ne2 Qe6 26. Ng3 f5 27. Re1 Qd7
28. g5 Nc8 29. Rh1 Re4 30. Ne2 N8a7 31. a4 a5 32. Rh3 Rde8 33. Rch1 Nd8 34. Rh7
Ne6 35. Bxe4 fxe4 36. Qe3 Nf8 37. R7h4 Nc6 38. Qg3 Ne7 39. Qh2 Nf5 40. Rh8+ Kf7
41. Be1 Ne3+ 42. Kg1 Qg4+ 43. Bg3 Nf5 44. Qf2 Ne6 45. R8h7 c6 46. R1h3 Kf8 47.
Rh8+ Ke7 48. Rxe8+ Kxe8 49. Qh2 Nexd4 50. Nxd4 Bxd4+ 51. Kf1 Ne3+ 52. Kg1 Qd1+
0-1

[Event "4NCL/Div3/LIT3 vs. OXF3"]
[Site "Hinckley Island ENG"]
[Date "2008.12.06"]
[Round "3.6"]
[White "Henbest, Kevin B"]
[Black "Harrison, Peter K"]
[Result "1/2-1/2"]
[WhiteElo "1795"]
[BlackElo "1669"]
[PlyCount "65"]
[EventDate "2008.12.06"]
[SourceDate "2008.10.04"]

1. e4 c6 2. Nc3 d5 3. Nf3 dxe4 4. Nxe4 Bf5 5. Ng3 Bg6 6. h4 h5 7. Ne5 Qd6 8.
Nxg6 Qxg6 9. d4 Nd7 10. Bd3 Qe6+ 11. Be3 g6 12. c4 Bh6 13. Qe2 Bxe3 14. Qxe3
Qxe3+ 15. fxe3 Ngf6 16. Ne4 Nxe4 17. Bxe4 f5 18. Bc2 e5 19. O-O-O e4 20. d5 Ne5
21. dxc6 bxc6 22. Ba4 Ke7 23. Rd4 Rad8 24. Rhd1 Nd3+ 25. Kb1 c5 26. Rxd8 Rxd8
27. Bc2 Ke6 28. b3 Rd6 29. Bxd3 exd3 30. Kb2 Ke5 31. Kc3 Ke4 32. Kd2 a5 33. Rf1
1/2-1/2

[Event "4NCL/Div3/WOB vs. WRO2"]
[Site "Hinckley Island ENG"]
[Date "2008.12.06"]
[Round "3.1"]
[White "Zhu, Yao Yao"]
[Black "Arnott, Jonathan W"]
[Result "0-1"]
[WhiteElo "1997"]
[BlackElo "2127"]
[PlyCount "62"]
[EventDate "2008.12.06"]
[SourceDate "2008.10.04"]

1. e4 e6 2. d4 d5 3. exd5 exd5 4. Bd3 Bd6 5. h3 Ne7 6. Nf3 Bf5 7. O-O O-O 8. b3
Nd7 9. Re1 Nf6 10. Nh4 Bxd3 11. Qxd3 c5 12. Bb2 Ng6 13. Nf5 c4 14. bxc4 dxc4
15. Qf3 Qb6 16. Nd2 Bf4 17. Bc3 Qc7 18. Rab1 Qd7 19. Ne3 b5 20. Ne4 Nxe4 21.
Qxe4 a6 22. Nd5 Rae8 23. Qf3 Bd6 24. a4 Rxe1+ 25. Rxe1 bxa4 26. Rb1 a3 27. Rb7
Qxb7 28. Nf6+ gxf6 29. Qxb7 Rb8 30. Qe4 Rb1+ 31. Be1 a2 0-1

[Event "4NCL/Div3/WOB vs. WRO2"]
[Site "Hinckley Island ENG"]
[Date "2008.12.07"]
[Round "3.2"]
[White "Harley-Yeo, Gareth"]
[Black "Shaw, Peter"]
[Result "1/2-1/2"]
[WhiteElo "2036"]
[BlackElo "2124"]
[PlyCount "45"]
[EventDate "2008.12.06"]
[SourceDate "2008.10.04"]

1. d4 e6 2. c4 b6 3. e4 Bb7 4. Nd2 Bb4 5. Qc2 Qh4 6. Bd3 f5 7. Ngf3 Bxd2+ 8.
Bxd2 Qg4 9. Ng5 fxe4 10. Bxe4 Bxe4 11. Qxe4 Qxe4+ 12. Nxe4 Nf6 13. f3 Nc6 14.
Bc3 Ne7 15. O-O-O Nf5 16. Rhe1 O-O 17. Nxf6+ gxf6 18. f4 Kf7 19. d5 Rad8 20. g4
Nd6 21. b3 Rfe8 22. g5 f5 23. Bf6 1/2-1/2

[Event "4NCL/Div3/WOB vs. WRO2"]
[Site "Hinckley Island ENG"]
[Date "2008.12.06"]
[Round "3.3"]
[White "Lewyk, Ihor"]
[Black "Davies, Matthew"]
[Result "1-0"]
[WhiteElo "2138"]
[BlackElo "1971"]
[PlyCount "85"]
[EventDate "2008.12.06"]
[SourceDate "2008.10.04"]

1. Nf3 Nf6 2. d4 e6 3. e3 b6 4. Bd3 Bb7 5. Nbd2 c5 6. c3 Be7 7. O-O d5 8. Ne5
O-O 9. Qf3 Qc7 10. Qh3 Nbd7 11. Nxd7 Qxd7 12. Nf3 Qc7 13. Ne5 g6 14. Bd2 Ne4
15. Be1 f5 16. f3 Nd6 17. Bg3 Qc8 18. Rae1 Nf7 19. Nxf7 Rxf7 20. Be5 Ba6 21.
Bxa6 Qxa6 22. a3 Bf6 23. Qg3 Qb5 24. Rf2 Bxe5 25. Qxe5 Qc6 26. e4 fxe4 27. fxe4
Rxf2 28. Kxf2 Rf8+ 29. Kg3 cxd4 30. cxd4 b5 31. Re3 dxe4 32. Rxe4 Rd8 33. Rf4
Rf8 34. Rxf8+ Kxf8 35. Qh8+ Kf7 36. Qxh7+ Kf6 37. Qh4+ Kf7 38. Qf4+ Kg7 39.
Qe5+ Kf7 40. h4 a5 41. h5 gxh5 42. Qxh5+ Ke7 43. Qc5+ 1-0

[Event "4NCL/Div3/WOB vs. WRO2"]
[Site "Hinckley Island ENG"]
[Date "2008.12.07"]
[Round "3.4"]
[White "Faulkes, Nick"]
[Black "Parry, Matthew"]
[Result "1-0"]
[WhiteElo "2100"]
[BlackElo "1870"]
[PlyCount "39"]
[EventDate "2008.12.06"]
[SourceDate "2008.10.04"]

1. e4 g6 2. d4 Bg7 3. Nc3 e6 4. f4 Ne7 5. Nf3 d6 6. Be3 b6 7. Bb5+ Nd7 8. Qe2
a6 9. Bd3 Bb7 10. O-O c5 11. Qf2 d5 12. f5 exf5 13. exf5 c4 14. fxg6 hxg6 15.
Ne5 Nf6 16. Bg5 Nfg8 17. Rae1 Kf8 18. Bxg6 Qc7 19. Bxf7 Qd6 20. Bxg8+ 1-0

[Event "4NCL/Div3/WOB vs. WRO2"]
[Site "Hinckley Island ENG"]
[Date "2008.12.06"]
[Round "3.5"]
[White "Sivakumar, Athman"]
[Black "Webb, Matthew"]
[Result "1-0"]
[WhiteElo "1792"]
[BlackElo "2035"]
[PlyCount "69"]
[EventDate "2008.12.06"]
[SourceDate "2008.10.04"]

1. e4 d6 2. d4 Nf6 3. Nc3 g6 4. g3 Bg7 5. Bg2 O-O 6. Nge2 Nbd7 7. O-O e5 8. f4
exd4 9. Nxd4 c6 10. h3 Qb6 11. Kh2 Qxd4 12. Qxd4 Ng4+ 13. hxg4 Bxd4 14. Ne2 Bb6
15. g5 h6 16. gxh6 Nf6 17. Bf3 Bg4 18. Kg2 Rfe8 19. Nc3 Ba5 20. Re1 d5 21. e5
Bxf3+ 22. Kxf3 Bxc3 23. bxc3 Ne4 24. c4 Nc3 25. cxd5 Nxd5 26. Bb2 Nb4 27. Re2
Kh7 28. a3 Na6 29. Rd1 Rad8 30. Red2 Rxd2 31. Rxd2 Re7 32. Rd8 Kxh6 33. g4 Re6
34. Rd7 Nc5 35. Rxf7 1-0

[Event "4NCL/Div3/WOB vs. WRO2"]
[Site "Hinckley Island ENG"]
[Date "2008.12.07"]
[Round "3.6"]
[White "Smith, Steve"]
[Black "Jones, Rupert W"]
[Result "1/2-1/2"]
[WhiteElo "1545"]
[BlackElo "1966"]
[PlyCount "47"]
[EventDate "2008.12.06"]
[SourceDate "2008.10.04"]

1. e4 d5 2. exd5 Nf6 3. d4 Bg4 4. Nf3 Qxd5 5. Be2 Nc6 6. h3 Bf5 7. c3 e6 8. Bf4
O-O-O 9. O-O h6 10. Ne5 Nxe5 11. Bxe5 Nd7 12. Bh2 Be7 13. Nd2 e5 14. Bc4 Qa5
15. Bxf7 exd4 16. Nb3 Qb6 17. cxd4 Rhf8 18. Bh5 Nf6 19. Bf3 Nd5 20. Rc1 c6 21.
Bg4 g6 22. Bxf5+ gxf5 23. Qe2 Rf6 24. Qf3 1/2-1/2

[Event "4NCL/Div3/WRO2 vs. GLOSG"]
[Site "Hinckley Island ENG"]
[Date "2008.12.06"]
[Round "3.1"]
[White "Arnott, Jonathan W"]
[Black "Hosken, Nigel"]
[Result "0-1"]
[WhiteElo "2127"]
[BlackElo "2024"]
[PlyCount "102"]
[EventDate "2008.12.06"]
[SourceDate "2008.10.04"]

1. e4 c5 2. d3 Nc6 3. g3 g6 4. Bg2 Bg7 5. f4 e6 6. Nf3 Nge7 7. O-O O-O 8. c3
Rb8 9. Be3 b6 10. d4 cxd4 11. cxd4 d5 12. e5 Ba6 13. Re1 Qc8 14. a3 Na5 15. b3
Qd7 16. Bd2 Rfc8 17. a4 Nac6 18. Na3 Nf5 19. Nc2 Bd3 20. Ne3 Ncxd4 21. Nxd4
Nxd4 22. Bb4 Nc2 23. Qxd3 Nxb4 24. Qd2 a5 25. Rac1 Rxc1 26. Rxc1 Rc8 27. Bf1
Rxc1 28. Qxc1 Qc6 29. Qxc6 Nxc6 30. Nc2 f6 31. Bb5 Na7 32. Bd7 Kf7 33. Nd4 fxe5
34. fxe5 Bxe5 35. Nc6 Nxc6 36. Bxc6 Ke7 37. Kf1 Kd6 38. Be8 Bd4 39. Ke2 e5 40.
Bf7 e4 41. g4 g5 42. h3 Ke5 43. Be8 Bc3 44. Bc6 h6 45. Bb5 d4 46. Bc4 Bb4 47.
Bb5 d3+ 48. Ke3 Bc5+ 49. Kd2 Kd4 50. Bd7 e3+ 51. Kd1 e2+ 0-1

[Event "4NCL/Div3/WRO2 vs. GLOSG"]
[Site "Hinckley Island ENG"]
[Date "2008.12.07"]
[Round "3.2"]
[White "Shaw, Peter"]
[Black "Lambourne, Daniel M"]
[Result "1/2-1/2"]
[WhiteElo "2124"]
[BlackElo "1986"]
[PlyCount "78"]
[EventDate "2008.12.06"]
[SourceDate "2008.10.04"]

1. d4 Nf6 2. c4 g6 3. Nc3 Bg7 4. e4 d6 5. Nf3 Bg4 6. Be2 Nc6 7. Be3 e5 8. d5
Ne7 9. Nd2 Bxe2 10. Qxe2 Qd7 11. f3 Nh5 12. O-O Nf4 13. Qd1 O-O 14. b4 f5 15.
c5 Nd3 16. a3 a5 17. Nc4 axb4 18. Qxd3 bxc3 19. cxd6 Nc8 20. dxc7 Qxc7 21. a4
fxe4 22. Qxe4 Nd6 23. Nxd6 Qxd6 24. Rac1 Rfc8 25. Rfd1 Ra5 26. Rd3 c2 27. Bd2
Ra6 28. Rb3 Qd7 29. Rxc2 Rxc2 30. Qxc2 Rxa4 31. Rd3 e4 32. fxe4 Rxe4 33. Bc3
Bxc3 34. Qxc3 b5 35. h3 b4 36. Qc5 Re1+ 37. Kh2 Qf5 38. Qxb4 Qxd3 39. Qxe1 Qxd5
1/2-1/2

[Event "4NCL/Div3/WRO2 vs. GLOSG"]
[Site "Hinckley Island ENG"]
[Date "2008.12.06"]
[Round "3.3"]
[White "Meade, Philip J"]
[Black "Lewyk, Ihor"]
[Result "0-1"]
[WhiteElo "2055"]
[BlackElo "2138"]
[PlyCount "96"]
[EventDate "2008.12.06"]
[SourceDate "2008.10.04"]

1. e4 d5 2. exd5 Qxd5 3. Nc3 Qa5 4. d4 Nf6 5. Bd3 c6 6. Nge2 Bg4 7. f3 Bh5 8.
Be3 e6 9. O-O Be7 10. Qd2 Qc7 11. Ne4 O-O 12. c4 Bg6 13. N2c3 Na6 14. Rad1 Rfd8
15. Qf2 Nb4 16. Bb1 b6 17. a3 Na6 18. b4 Qb7 19. Kh1 Nc7 20. Nxf6+ Bxf6 21.
Bxg6 hxg6 22. Ne4 Ne8 23. Nxf6+ Nxf6 24. Bg5 Rd7 25. Bxf6 gxf6 26. Qb2 Kg7 27.
Rd2 Qc7 28. g3 Rad8 29. Rfd1 Qb7 30. Kg2 b5 31. c5 Rd5 32. Kf2 Qd7 33. Ke1 Rf5
34. Rd3 Rh5 35. R3d2 Qd5 36. Qc3 Rdh8 37. h4 g5 38. hxg5 Qxg5 39. Rg2 Rh1+ 40.
Ke2 Rxd1 41. Kxd1 Rh1+ 42. Ke2 Qd5 43. Ke3 Rb1 44. Rb2 Qg5+ 45. Kf2 Rh1 46. f4
Qd5 47. Re2 Qh5 48. Qf3 Rf1+ 0-1

[Event "4NCL/Div3/WRO2 vs. GLOSG"]
[Site "Hinckley Island ENG"]
[Date "2008.12.07"]
[Round "3.4"]
[White "Taylor, Geoffrey P"]
[Black "Faulkes, Nick"]
[Result "0-1"]
[WhiteElo "2018"]
[BlackElo "2100"]
[PlyCount "54"]
[EventDate "2008.12.06"]
[SourceDate "2008.10.04"]

1. e4 c5 2. Nf3 e6 3. d4 cxd4 4. Nxd4 a6 5. c4 Nf6 6. Nc3 Bb4 7. Bd3 Nc6 8.
Nxc6 dxc6 9. e5 Qd4 10. exf6 Bxc3+ 11. Kf1 Bxb2 12. Bxb2 Qxb2 13. fxg7 Qxg7 14.
Rb1 O-O 15. Qc2 Rd8 16. h4 e5 17. h5 Be6 18. Rxb7 Rd4 19. h6 Qg4 20. f3 Qf4 21.
Kf2 Rad8 22. Rh5 e4 23. Be2 e3+ 24. Kg1 Rd2 25. Qc3 Rd1+ 26. Bf1 Rxf1+ 27. Kxf1
Bxc4+ 0-1

[Event "4NCL/Div3/WRO2 vs. GLOSG"]
[Site "Hinckley Island ENG"]
[Date "2008.12.06"]
[Round "3.5"]
[White "Webb, Matthew"]
[Black "Waterfield, John"]
[Result "0-1"]
[WhiteElo "2035"]
[BlackElo "2018"]
[PlyCount "79"]
[EventDate "2008.12.06"]
[SourceDate "2008.10.04"]

1. e4 c5 2. a3 g6 3. b4 Bg7 4. Nc3 d6 5. g3 Nf6 6. Rb1 O-O 7. bxc5 dxc5 8. Bg2
Nc6 9. Nge2 Rb8 10. O-O b6 11. d3 Bb7 12. Bf4 Rc8 13. Bh3 e6 14. Qd2 Ne8 15.
Bg5 Qd7 16. Nd5 f5 17. Ndc3 Nd4 18. Bg2 Nd6 19. Nxd4 cxd4 20. Ne2 fxe4 21. Nf4
Nf7 22. h4 e3 23. fxe3 dxe3 24. Qe2 Bxg2 25. Nxg2 Nxg5 26. hxg5 Rf2 27. Rxf2
exf2+ 28. Kxf2 Bd4+ 29. Ke1 Qd6 30. Kd1 e5 31. Qe4 Qc6 32. Qxc6 Rxc6 33. Kd2
Bc5 34. a4 Be7 35. c4 Bxg5+ 36. Kc2 Rf6 37. Kc3 Rf3 38. Ne1 Rxg3 39. Rb5 e4 40.
Kd4 0-1

[Event "4NCL/Div3/WRO2 vs. GLOSG"]
[Site "Hinckley Island ENG"]
[Date "2008.12.07"]
[Round "3.6"]
[White "Jones, Rupert W"]
[Black "Blencowe, Ian"]
[Result "1-0"]
[WhiteElo "1966"]
[BlackElo "1780"]
[PlyCount "67"]
[EventDate "2008.12.06"]
[SourceDate "2008.10.04"]

1. e4 e6 2. Qe2 Nc6 3. Nf3 b6 4. d4 Bb7 5. Bf4 d5 6. exd5 Qxd5 7. c4 Qd7 8. d5
Nd8 9. Nc3 Bd6 10. Bg3 a6 11. O-O-O Qe7 12. Qc2 Nf6 13. Bd3 Bxg3 14. hxg3 g6
15. Rde1 c6 16. dxe6 Nxe6 17. Ng5 Bc8 18. f4 Ng4 19. Nxh7 Kd8 20. Qe2 f5 21.
Ng5 Rxh1 22. Nxe6+ Qxe6 23. Rxh1 Qxe2 24. Bxe2 Nf6 25. Rh6 Ke7 26. Rxg6 Be6 27.
b3 Rb8 28. Bf3 Kf7 29. Rg5 Rc8 30. Nd1 Bd7 31. Ne3 Nh7 32. Bh5+ Kf8 33. Rg6 Be8
34. Rh6 1-0

[Event "4NCL/Div3/GLOSG vs. WOB"]
[Site "Hinckley Island ENG"]
[Date "2008.12.06"]
[Round "3.1"]
[White "Hosken, Nigel"]
[Black "Harley-Yeo, Gareth"]
[Result "1/2-1/2"]
[WhiteElo "2024"]
[BlackElo "2036"]
[PlyCount "38"]
[EventDate "2008.12.06"]
[SourceDate "2008.10.04"]

1. d4 d5 2. c4 c6 3. Nf3 Nf6 4. Nc3 e6 5. e3 Nbd7 6. Bd3 dxc4 7. Bxc4 b5 8. Bd3
Bb7 9. O-O a6 10. e4 c5 11. d5 c4 12. Bc2 Qc7 13. dxe6 fxe6 14. Ng5 Nc5 15. Be3
h6 16. Nh3 Rd8 17. Qf3 e5 18. Qg3 Bd6 19. Rad1 Ne6 1/2-1/2

[Event "4NCL/Div3/GLOSG vs. WOB"]
[Site "Hinckley Island ENG"]
[Date "2008.12.07"]
[Round "3.2"]
[White "Lambourne, Daniel M"]
[Black "Zhu, Yao Yao"]
[Result "1/2-1/2"]
[WhiteElo "1986"]
[BlackElo "1997"]
[PlyCount "46"]
[EventDate "2008.12.06"]
[SourceDate "2008.10.04"]

1. c4 e5 2. Nc3 Nc6 3. g3 g6 4. Bg2 Bg7 5. d3 d6 6. Nf3 f5 7. Bg5 Nf6 8. Nd5 h6
9. Nxf6+ Bxf6 10. Bxf6 Qxf6 11. Qc2 O-O 12. Qc3 Be6 13. O-O Kh7 14. e3 Ne7 15.
b4 g5 16. Nd2 Rab8 17. f4 Ng6 18. Rac1 Rf7 19. d4 gxf4 20. dxe5 dxe5 21. exf4
exf4 22. Qxf6 Rxf6 23. gxf4 Rg8 1/2-1/2

[Event "4NCL/Div3/GLOSG vs. WOB"]
[Site "Hinckley Island ENG"]
[Date "2008.12.06"]
[Round "3.3"]
[White "Parry, Matthew"]
[Black "Meade, Philip J"]
[Result "1/2-1/2"]
[WhiteElo "1870"]
[BlackElo "2055"]
[PlyCount "70"]
[EventDate "2008.12.06"]
[SourceDate "2008.10.04"]

1. b4 c6 2. e3 Qb6 3. c3 d5 4. a4 e5 5. Nf3 Bd6 6. Ba3 Nf6 7. a5 Qc7 8. c4 e4
9. Nd4 dxc4 10. Bxc4 O-O 11. Nc3 Re8 12. h3 Nbd7 13. Nf5 Bf8 14. d4 exd3 15.
Bxd3 Ne5 16. Qe2 Nxd3+ 17. Qxd3 Qe5 18. Nd4 Qg5 19. g4 Nd5 20. Nxd5 Qxd5 21.
Ke2 Bd7 22. Rac1 Rad8 23. Qc4 Bxg4+ 24. hxg4 Qxd4 25. Rhd1 Qxc4+ 26. Rxc4 Rxd1
27. Kxd1 Rd8+ 28. Ke2 a6 29. Bb2 f6 30. Bc3 Kf7 31. f4 g6 32. f5 gxf5 33. gxf5
Rd5 34. e4 Rb5 35. Rd4 Ke8 1/2-1/2

[Event "4NCL/Div3/GLOSG vs. WOB"]
[Site "Hinckley Island ENG"]
[Date "2008.12.07"]
[Round "3.4"]
[White "Davies, Matthew"]
[Black "Taylor, Geoffrey P"]
[Result "1/2-1/2"]
[WhiteElo "1971"]
[BlackElo "2018"]
[PlyCount "49"]
[EventDate "2008.12.06"]
[SourceDate "2008.10.04"]

1. d4 d5 2. c4 e6 3. Nc3 Nf6 4. cxd5 exd5 5. Bg5 Be7 6. Qc2 O-O 7. e3 Nbd7 8.
Bd3 Re8 9. Nf3 Nf8 10. O-O Be6 11. Rab1 a5 12. a3 Ng6 13. Rfc1 c6 14. b4 axb4
15. axb4 Rc8 16. Na4 Ne4 17. Bxe7 Rxe7 18. Nc5 Nd6 19. Ng5 Bd7 20. Nf3 Bg4 21.
Nd2 b6 22. Ncb3 b5 23. Ra1 Nc4 24. Ra6 Nf8 25. Nf1 1/2-1/2